000 00840cam a2200265 a 4500
003 BD-DhUIB
005 20210318121720.0
008 060727s2008 maua b 001 0 eng
020 _a978007014680
020 _a007014680
040 _aDLC
_cDLC
_dBD-DhUIB
082 0 0 _a651.74
_222
245 1 0 _aBusiness communication :
_bmaking connections in a digital world /
_cby Raymond V. Lesikar...[et al.].
250 _a11th ed.
260 _aNew York :
_bMcGraw-Hill/Irwin,
_cc2008.
300 _axxix, 737 p. :
_bill. ;
_c24 cm.
526 _aBBA.
650 0 _aCommercial correspondence.
_9101
650 0 _aEnglish language.
_9108
650 0 _aBusiness communication.
_928
700 1 _aFlatley, Marie Elizabeth.
_9103
700 1 _aRentz, Kathryn.
_9109
700 1 _aPande, Neerja.
_tBasic business communication.
_9110
942 _2ddc
_cBK
999 _c58
_d58